|
|
|
|
| LEADER |
00000nam0a2200000 4500 |
| 001 |
42647 |
| 005 |
20231031015612.0 |
| 010 |
|
|
|a 5279022160
|
| 035 |
|
|
|a (RuTPU)RU\TPU\book\44002
|
| 090 |
|
|
|a 42647
|
| 100 |
|
|
|a 20020913d2002 km y0rusy50 ca
|
| 101 |
0 |
|
|a rus
|
| 102 |
|
|
|a RU
|
| 105 |
|
|
|a a z 000zy
|
| 200 |
1 |
|
|a Внутрифирменное бюджетирование
|a Настольная книга по постановке финансового планирования
|f В. Е. Хруцкий, Т. В. Сизова, В. В. Гамаюнов
|
| 210 |
|
|
|a Москва
|c Финансы и статистика
|d 2002
|
| 215 |
|
|
|a 400 с.
|c ил.
|
| 610 |
1 |
|
|a экономика
|
| 610 |
1 |
|
|a финансы
|
| 610 |
1 |
|
|a финансовое планирование
|
| 610 |
1 |
|
|a бюджетирование
|
| 610 |
1 |
|
|a фирмы
|
| 610 |
1 |
|
|a предприятия
|
| 610 |
1 |
|
|a бюджеты
|
| 610 |
1 |
|
|a составление
|
| 610 |
1 |
|
|a форматы
|
| 610 |
1 |
|
|a финансовые потоки
|
| 610 |
1 |
|
|a управление
|
| 610 |
1 |
|
|a организация
|
| 610 |
1 |
|
|a автоматизация
|
| 610 |
1 |
|
|a компьютерные системы
|
| 610 |
1 |
|
|a Тор-Консультант
|
| 686 |
|
|
|a У9(2)29-26
|v LBC/SL-A
|2 rubbk
|
| 686 |
|
|
|a У9(2)261.9
|v LBC/SL-A
|2 rubbk
|
| 700 |
|
1 |
|a Хруцкий
|b В. Е.
|g Валерий Евгеньевич
|
| 701 |
|
1 |
|a Сизова
|b Т. В.
|g Татьяна Владимировна
|
| 701 |
|
1 |
|a Гамаюнов
|b В. В.
|g Валентин Валентинович
|
| 801 |
|
1 |
|a RU
|b 63413507
|c 20020913
|g PSBO
|
| 801 |
|
2 |
|a RU
|b 63413507
|c 20070718
|g PSBO
|
| 942 |
|
|
|c BK
|